Zrušenie obchodných spoločností bez likvidácie z účtovného hľadiska

Bibliographic Details
Main Authors: Ondrušová, Lucia, 1981- (Author), Silná, Renáta (Author)
Format: Article
Language:Slovak
PhysicalDescription:Sch., tab.
ISSN:1336-3514
Subjects:

MARC

LEADER 00000nab a2200000 a 4500
001 vtls009307219
003 SK-MaSNL
005 20260304154323.0
008 250507c2007 xo fr|p|||||||000 b|slo
015 |a SNBRB2008/06  |2 snkbucl 
035 |a (sysno)vtls009307219 
035 |a urn:nbn:sk:snk-ab79j2 
035 |a (uuid)19fbdc6a-43f9-41ba-b2af-27a77a815560 
035 |a (urnnbn)urn:nbn:sk:snk:ar-a07bcf 
038 |a SNKBUCL 
040 |a SNKBUCL  |b slo  |c SNKBUCL  |e AACR2 
041 0 |a slo  |b eng  |b slo 
044 |a xo  |c SK 
080 |a 657.22:347.728.5  |2 2001 
080 |a 657.37  |2 2001 
080 |a 347.728.5  |2 2001 
080 |a 658.11.016.4  |2 2001 
100 1 |a Ondrušová, Lucia,  |d 1981-  |4 aut  |9 217875 
245 1 0 |a Zrušenie obchodných spoločností bez likvidácie z účtovného hľadiska  |c Lucia Ondrušová, Renáta Silná 
300 |b Sch., tab. 
504 |a Bibliogr. odkazy 
546 |a Res. angl., slov. 
650 0 7 |a obchodné spoločnosti  |2 snkbucl  |9 3650 
650 0 7 |a zrušenie bez likvidácie  |2 snkbucl  |9 914732 
650 0 7 |a účtovníctvo  |2 snkbucl  |9 649 
700 1 |a Silná, Renáta  |4 aut  |9 595297 
773 0 |t Ekonomika a informatika  |g Roč. V., č. 2 (2007), s. 108-119  |x 1336-3514 
850 |a Slovenská národná knižnica 
852 |a Slovenská národná knižnica 
954 |a odborná, vedecká literatúra pôvodná (slovenská)  |2 lita 
958 |a article27 
958 |a NB 
958 |a OND 
958 |a EUIPO 
999 |c 2957134  |d 2959064